Εφαρμογή γενετικών αλγορίθμων στη διαχείριση στερεών αποβλήτων
Αποθηκεύτηκε σε:
| Κύριος συγγραφέας: | |
|---|---|
| Συγγραφή απο Οργανισμό/Αρχή: | |
| Μορφή: | Thesis Βιβλίο |
| Γλώσσα: | Greek |
| Δημοσίευση: |
2009.
|
| Θέματα: | |
| Διαθέσιμο Online: | http://hdl.handle.net/11610/9854 |
| Ετικέτες: |
Προσθήκη ετικέτας
Δεν υπάρχουν, Καταχωρήστε ετικέτα πρώτοι!
|
MARC
| LEADER | 00000cam a2200000 i 4500 | ||
|---|---|---|---|
| 001 | 1/1901 | ||
| 008 | 091007s2009 gr | ||| |||| ||gre|| | ||
| 035 | |l 10105777 | ||
| 040 | |a GR-MyUa |b gre |e AACR2 | ||
| 041 | 0 | |a gre | |
| 082 | 7 | |a 628.44 |2 (22) | |
| 100 | 1 | |a Καλιακάτσος, Ανδρέας. | |
| 245 | 1 | 0 | |a Εφαρμογή γενετικών αλγορίθμων στη διαχείριση στερεών αποβλήτων / |c Καλιακάτσος Ανδρέας ; επιβλέπων καθηγητής: Κωνσταντίνος Χαλβαδάκης. |
| 260 | |c 2009. | ||
| 300 | |a 74 σ. ; |c 30 εκ. | ||
| 502 | |a Διατριβή (μεταπτυχιακή) – Πανεπιστήμιο Αιγαίου, Λέσβος, 2009. | ||
| 504 | |a Βιβλιογραφία: σ. 69-72. | ||
| 650 | 0 | 0 | |a Integrated solid waste management |x Case studies. |
| 650 | 0 | 0 | |a Genetic algorithms |x Case studies. |
| 650 | 0 | 0 | |a Dissertations, Academic |z Greece. |
| 700 | 1 | |a Χαλβαδάκης, Κωνσταντίνος Π. |e dgs | |
| 710 | 2 | |a Πανεπιστήμιο Αιγαίου |b Σχολή Περιβάλλοντος |b Τμήμα Περιβάλλοντος |b Πρόγραμμα Μεταπτυχιακών Σπουδών Περιβαλλοντική Πολιτική και Διαχείριση. | |
| 852 | |a INST |b LESVOS |c DIATR |e 20091007 |h 578 |p 005100046394 |q 005100046394 |t MTXE |y 23 | ||
| 852 | |a INST |b LESVOS |c DIATR |e 20091007 |h 579 |p 005100046393 |q 005100046393 |t MTXE |y 23 | ||
| 856 | |u http://hdl.handle.net/11610/9854 | ||
| 901 | |a BIBL1-2009-3 | ||
| 924 | |a Καλιακάτσος |b Ανδρέας |y Λέσβος |z 2009-05 | ||
| 970 | |a ΤΖΑΦΕΡΗ |b ΕΥΑΓΓΕΛΙΑ |z 2009/10/07 | ||